MARC details
| 000 -LEADER |
| fixed length control field |
01392cam a2200409 i 4500 |
| 001 - CONTROL NUMBER |
| control field |
sjds zcvld0 b60254 |
| 003 - CONTROL NUMBER IDENTIFIER |
| control field |
sjds |
| 005 - DATE AND TIME OF LATEST TRANSACTION |
| control field |
20230613205510.0 |
| 008 - FIXED-LENGTH DATA ELEMENTS--GENERAL INFORMATION |
| fixed length control field |
950621s1995 nyua j 000 1 eng |
| 010 ## - LIBRARY OF CONGRESS CONTROL NUMBER |
| LC control number |
95030918 |
| 020 ## - INTERNATIONAL STANDARD BOOK NUMBER |
| International Standard Book Number |
0517149044 |
| 020 ## - INTERNATIONAL STANDARD BOOK NUMBER |
| International Standard Book Number |
9780517149041 |
| 035 ## - SYSTEM CONTROL NUMBER |
| System control number |
(DLC) 95030918 |
| 039 ## - LEVEL OF BIBLIOGRAPHIC CONTROL AND CODING DETAIL [OBSOLETE] |
| Level of rules in bibliographic description |
97076 |
| Level of effort used to assign subject headings |
TLC |
| 040 ## - CATALOGING SOURCE |
| Original cataloging agency |
DLC |
| Transcribing agency |
DLC |
| Modifying agency |
DLC |
| -- |
TLC |
| Description conventions |
rda |
| Modifying agency |
UtOrBLW |
| 041 ## - LANGUAGE CODE |
| Language code of text/sound track or separate title |
eng |
| 042 ## - AUTHENTICATION CODE |
| Authentication code |
lcac |
| 050 00 - LIBRARY OF CONGRESS CALL NUMBER |
| Classification number |
PZ7.P85 |
| Item number |
Tn 1995 |
| 082 00 - DEWEY DECIMAL CLASSIFICATION NUMBER |
| Classification number |
[E] |
| Edition number |
20 |
| 100 1# - MAIN ENTRY--PERSONAL NAME |
| Personal name |
Potter, Beatrix, |
| Dates associated with a name |
1866-1943, |
| Relator term |
author. |
| Authority record control number |
(DLC)n 80017651. |
| 245 12 - TITLE STATEMENT |
| Title |
A Treasury of bunny stories / |
| Statement of responsibility, etc. |
by Beatrix Potter. |
| 246 ## - VARYING FORM OF TITLE |
| Title proper/short title |
A Treasury of bunny stories |
| 260 ## - PUBLICATION, DISTRIBUTION, ETC. (IMPRINT) |
| Place of publication, distribution, etc. |
New York : |
| Name of publisher, distributor, etc. |
Derrydale Books ; |
| Place of publication, distribution, etc. |
Avenel, N.J. : |
| Name of publisher, distributor, etc. |
distributed by Random House. |
| Date of publication, distribution, etc. |
c1995. |
| 264 #1 - PRODUCTION, PUBLICATION, DISTRIBUTION, MANUFACTURE, AND COPYRIGHT NOTICE |
| Place of production, publication, distribution, manufacture |
New York : |
| Name of producer, publisher, distributor, manufacturer |
Derrydale Books. |
| 264 #2 - PRODUCTION, PUBLICATION, DISTRIBUTION, MANUFACTURE, AND COPYRIGHT NOTICE |
| Place of production, publication, distribution, manufacture |
Avenel, N.J. : |
| Name of producer, publisher, distributor, manufacturer |
Random House. |
| 264 #4 - PRODUCTION, PUBLICATION, DISTRIBUTION, MANUFACTURE, AND COPYRIGHT NOTICE |
| Date of production, publication, distribution, manufacture, or copyright notice |
c1995. |
| 300 ## - PHYSICAL DESCRIPTION |
| Extent |
275 pages : |
| Other physical details |
color illustrations ; |
| Dimensions |
21 cm. |
| 336 ## - CONTENT TYPE |
| Content type term |
text |
| Content type code |
txt |
| Source |
rdacontent. |
| 337 ## - MEDIA TYPE |
| Media type term |
unmediated |
| Media type code |
n |
| Source |
rdamedia. |
| 338 ## - CARRIER TYPE |
| Carrier type term |
volume |
| Carrier type code |
nc |
| Source |
rdacarrier. |
| 380 ## - FORM OF WORK |
| Form of work |
Fiction |
| Source of term |
marcgt. |
| 380 ## - FORM OF WORK |
| Form of work |
Book |
| -- |
Book |
| Source of term |
tlcgt. |
| 385 ## - AUDIENCE CHARACTERISTICS |
| Audience term |
Juvenile |
| Source |
tlctarget. |
| 505 0# - FORMATTED CONTENTS NOTE |
| Formatted contents note |
The tale of Peter Rabbit -- The tale of Benjamin Bunny -- The tale of the Flopsy Bunnies -- The tale of Mr. Tod -- The story of a fierce bad Rabbit. |
| 650 #1 - SUBJECT ADDED ENTRY--TOPICAL TERM |
| Topical term or geographic name as entry element |
Rabbits |
| Form subdivision |
Fiction. |
| Authority record control number |
(DLC)sh 85110203. |
| 942 ## - ADDED ENTRY ELEMENTS (KOHA) |
| Koha item type |
Libro/Book |